| 000 | 00385nam a22001577a 4500 | ||
|---|---|---|---|
| 020 | _a9781446201435 | ||
| 082 | _a001.4 | ||
| 100 | _aRidley, Diana | ||
| 245 | _aThe literature review : a step by step guide for students | ||
| 250 | _a2nd ed. | ||
| 260 |
_aNew Delhi _bSAGE _c2012 |
||
| 300 | _a214 p. | ||
| 650 | _aAcademic writing--Research | ||
| 700 | _aDiana Ridley | ||
| 942 | _cBK | ||
| 999 |
_c11408 _d11408 |
||